000 00625ntaaa2200193 4500
003 01
005 20251027202002.0
008 0714s1973 ag 01
040 _aAR-BaBN
_bspa
_cAR-BaBN
_eaacr
_dRIC
082 _a260.0000 M27
100 _aMahon, R. P.
_918456
245 _aFour important subjects discussed.
250 _a1 ed. :
_bMountain Preachers Bible School,
_c1943
300 _a62 p.
500 _a1 - The church; 2 - Foot washing; 3 - Woman, her place work in the church; 4 - Relation of Christian service to the inner Christian life.
650 _aIglesia
650 _aMujer en la Iglesia
_91305
942 _cBK
999 _c14590
_d14590